Free-floating subdivisions : An alphabetical index
Saved in:
| Format: | Book |
|---|---|
| Language: | Undetermined |
| Published: |
Washington, D.C.
Cataloging Distribution Service, Library of Congress
1996
|
| Subjects: | |
| Tags: |
Add Tag
No Tags, Be the first to tag this record!
|
| Institutions: | Trung tâm Học liệu Trường Đại học Cần Thơ |
|---|
| LEADER | 00582nam a2200181Ia 4500 | ||
|---|---|---|---|
| 001 | CTU_173457 | ||
| 008 | 210402s9999 xx 000 0 und d | ||
| 082 | |a 025.49 | ||
| 082 | |b F853 | ||
| 245 | 0 | |a Free-floating subdivisions : | |
| 245 | 3 | |b An alphabetical index | |
| 245 | 0 | |c prepared by Policy and Standards Division | |
| 260 | |a Washington, D.C. | ||
| 260 | |b Cataloging Distribution Service, Library of Congress | ||
| 260 | |c 1996 | ||
| 650 | |a Subject heading subdivisions,Analyse documentaire | ||
| 904 | |i Trúc | ||
| 980 | |a Trung tâm Học liệu Trường Đại học Cần Thơ | ||